000 00373nam a22001097a 4500
050 _a(The) LB 1738.5
_b.M33 2024
100 _aMusau Lydia Mbaki
245 _aAdministrative practices of principles and learners academic performance in public secondary schools in Katulani sub-county Kitui county, Kenya
300 _a98p,
650 _bSchool Management
942 _2lcc
_cTHE
999 _c18786
_d18786